000 00895cam a22003011a 4500
001 6130034
003 BD-DhUL
005 20180408094008.0
008 740925s1965 enk 001 0 eng
010 _a 66033158
015 _aGB65-11794
035 _a(OCoLC)1020805
040 _aDLC
_cOTU
_dMoSU-L
_dUk
_dBD-DhUL
042 _apremarc
043 _ae-uk---
050 0 0 _aKD1289
_b.C37 1965
082 _a655.6
_bCAC
100 2 _aCarter-Ruck, Peter Frederick,
_d1914-
245 1 0 _aCopyright :
_bmodern law and practice /
_cP. F. Carter-Ruck and E. P. Skone James ; edited by F.E. Skone James.
260 _aLondon :
_bFaber and Faber,
_cc1965.
300 _a639 p. ;
_c24 cm.
365 _aIRS
_b117.60
500 _aIncludes index.
650 0 _aCopyright
_zGreat Britain.
700 1 _aJames, E. P. Skone
_ejt. aut.
700 1 _aJames, E. P. Skone
_eed.
942 _2ddc
_cBK
999 _c240092
_d240092